Mil años de poesía española : (Registro nro. 11181)

Detalles MARC
000 -LIDER
fixed length control field 01130nam a2200361 b 4500
001 - NÚMERO DE CONTROL
Identificador de número de control 05851
003 - IDENTIFICACDOR DE NÚMERO DE CONTROL
control field DO-SdBNP
005 - DATE AND TIME OF LATEST TRANSACTION
control field 20171116115311.0
007 - CAMPOS FIJOS DE DESCRIPCIÓN FÍSICA
fixed length control field 05851
008 - ELEMENTOS DE LONGITUD FIJA
fixed length control field 970224s1996 sp | ||| ||spa
016 7# - NO. DE CONTROL DE LA AGENCIA BIB. NACIONAL
Record control number
017 ## - NÚMERO DE REGISTRO DE DERECHOS DE AUTOR
Copyright or legal deposit number
Assigning agency
020 ## - ISBN
International Standard Book Number 8408017330
035 ## - NÚMERO LOCAL
System control number
040 ## - FUENTE DE CATALOGACIÓN
Agencia que crea de manera original el registro BPMSU
Idioma de catalogación spa
Agencia que realiza la transcripción BPMSU
Convenciones de la despripción
080 #0 - NÚMERO DE CLASIFICACIÓN DECIMAL UNIVERSAL
Universal Decimal Classification number
082 #4 - NÚMERO DE CLASIFICACIÓN DECIMAL DE DEWEY
Classification number 861.08
Item number M637a
245 1# - MENCIÓN DE TITULO
Título Mil años de poesía española :
Medio (Designación general de material)
Subtítulo antología comentada /
Mención de responsabilidad Francisco Rico ; con la colaboración de José María Micó, Guillermo Serés y Juan Rodríguez
250 ## - MENCIÓN DE EDICION
Mención de edición
260 ## - PUBLICACIÓN, DISTRIBUCIÓN, ETC. (PIE DE IMPRENTA)
Lugar de publicación, distribución, etc Barcelona :
Nombre del editor, distribuidor, etc. Planeta,
Fecha de publicación, distribución, etc 1996
300 ## - DESCRIPCIÓN FÍSICA
Extensión 1105 p. :
Dimensiones 20 cm
Material complementario
490 ## - MENCIÓN DE SERIES
Mención de serie Enciclopedias Planeta
500 ## - NOTA GENERAL
Nota general Incluye notas al pie de las páginas
650 #7 - ENCABEZAMIENTO DE MATERIA--TEMÁTICO
Término temático o nombre geográfico como elemento de entrada POESÍAS ESPAÑOLAS
Fuente del encabezamiento o término
Subdivisión de forma COLECCIONES
650 #7 - ENCABEZAMIENTO DE MATERIA--TEMÁTICO
Término temático o nombre geográfico como elemento de entrada AUTORES ESPÑOLES
Subdivisión de forma BIOGRAFÍAS
700 11 - ASIENTO SECUNDARIO -- NOMBRE PERSONAL
Nombre personal Rico, Francisco
Fechas asociadas con el nombre 1942-
700 ## - ASIENTO SECUNDARIO -- NOMBRE PERSONAL
Nombre personal Serés, Guillermo.
Mención de responsabilidad compilador
700 ## - ASIENTO SECUNDARIO -- NOMBRE PERSONAL
Nombre personal Rodríguez, Juan.
Mención de responsabilidad compilador
830 ## - ASIENTO SECUNDARIO DE SERIE--TÍTULO UNIFORME
Título uniforme Enciclopedias Planeta
942 ## - ADDED ENTRY ELEMENTS (KOHA)
Source of classification or shelving scheme Dewey Decimal Classification
Koha item type Libros
945 ## - INFORMACIÓN DE PROCESAMIENTO LOCAL
Información de procesamiento local Inventariado extranjero / 2017 VM
956 ## - LOCAL ELECTRONIC LOCATION AND ACCESS (OCLC)
Nombre de host VMATEO
Número de acceso 10
Información de compresión 20160825
Trayectoria BPMSU
Nombre Electrónico 00069
Existencias
Withdrawn status Lost status Source of classification or shelving scheme Damaged status Not for loan Home library Current library Date acquired Source of acquisition Total Checkouts Full call number Barcode Date last seen Price effective from Koha item type
    Dewey Decimal Classification     Biblioteca Pública Metropolitana Salomé Ureña Biblioteca Pública Metropolitana Salomé Ureña 08/25/2016   861.08 M637a BPMSU16080217 08/25/2016 08/25/2016 Libros